| 000 | 00958nac a22002537a 4500 | ||
|---|---|---|---|
| 001 | BR9001549 | ||
| 003 | BR-BrBNA | ||
| 005 | 20240105121056.0 | ||
| 008 | 230509b bl.|||m| |||| 00| 0 por d | ||
| 040 |
_aBR-BrBNA _bpor _cBiblioteca Nacional de Agricultura |
||
| 072 | _aE14 | ||
| 090 | _aE14 BR9001549 | ||
| 100 | 1 | _aSousa, I.S.F. de | |
| 100 | 1 | _aSinger, E.G. | |
| 110 | 1 |
_aEmpresa Brasileira de Pesquisa Agropecuaria, Brasilia, DF (Brasil). Depto. de Difusao de Tecnologia _93839 |
|
| 245 | 1 | _aProposta para um programa de pesquisa sobre a geracao de tecnologia agropecuaria | |
| 260 | 3 |
_aBrasilia, DF (Brasil): _c1984. |
|
| 300 | _a66 p. | ||
| 490 |
_aDocumentos - Empresa Brasileira de Pesquisa Agropecuaria (Brazil). Depto. de Difusao de Tecnologia _vno. 16 _x |
||
| 500 | _aSummaries (En, Pt); Bibliography p. 59-66 (129 ref.) | ||
| 650 | _aTECNOLOGIA AGRICOLA | ||
| 909 |
_a202312 _bLúcia Elande _c55 _dLúcia Elande |
||
| 942 |
_2AGRIS _n0 _cMS |
||
| 999 |
_c283138 _d283138 |
||